Spoločenská zodpovednosť a jej uplatnenie v podnikaní

Výhody a význam uplatnenia princípov spoločenskej zodpovednosti v podnikaní, ako aj nekalé praktiky zneužívajúce záujem zákazníkov o spoločensky zodpovedné podniky, tzv. greenwashing, ktorý je možné pozorovať v uplynulých mesiacoch u niektorých veľkých medzinárodných spoločností. Spoločensky zodpove...

Description complète

Enregistré dans:
Détails bibliographiques
Auteur principal: Veszprémi Sirotková, Anna, 1966-
Autres auteurs: Šuterová, Viola, 1957-
Format: Chapitre de livre
Langue:slovaque
Sujets:
Tags: Ajouter un tag
Pas de tags, Soyez le premier à ajouter un tag!

MARC

LEADER 00000nla a2200000 4500
001 0226454
005 20240502073726.0
041 0 |a slo 
044 |a SK 
245 1 0 |a Spoločenská zodpovednosť a jej uplatnenie v podnikaní  |c Anna Veszprémi Sirotková, Viola Šuterová 
520 |a Výhody a význam uplatnenia princípov spoločenskej zodpovednosti v podnikaní, ako aj nekalé praktiky zneužívajúce záujem zákazníkov o spoločensky zodpovedné podniky, tzv. greenwashing, ktorý je možné pozorovať v uplynulých mesiacoch u niektorých veľkých medzinárodných spoločností. Spoločensky zodpovedné podnikanie hotelových podnikov. 
610 2 0 |a zodpovednosť spoločenská 
610 2 0 |a podnikanie zmiešané 
610 2 0 |a ruch cestovný 
610 2 0 |a zariadenia stravovacie 
610 2 0 |a zariadenia ubytovacie 
100 1 |a Veszprémi Sirotková, Anna, 1966- 
700 1 |a Šuterová, Viola, 1957-